000 00247nam a2200097Ia 4500
001 714061
005 20250826162858.0
008 250824s9999 xx 000 0 und d
245 0 _aBEN ÖYKÜLERE İNANIRIM
_cHABİB BEKTAŞ
260 _bTUDEM YAYINLARI
999 _c714061
_d714061